<?xml version="1.0" encoding="UTF-8"?><?xml-stylesheet type="text/xsl" href="static/style.xsl"?><OAI-PMH xmlns="http://www.openarchives.org/OAI/2.0/" xmlns:xsi="http://www.w3.org/2001/XMLSchema-instance" xsi:schemaLocation="http://www.openarchives.org/OAI/2.0/ http://www.openarchives.org/OAI/2.0/OAI-PMH.xsd"><responseDate>2026-04-17T09:37:27Z</responseDate><request verb="GetRecord" identifier="oai:riubu.ubu.es:10259/3898" metadataPrefix="marc">https://riubu.ubu.es/oai/request</request><GetRecord><record><header><identifier>oai:riubu.ubu.es:10259/3898</identifier><datestamp>2023-10-05T07:28:25Z</datestamp><setSpec>com_10259_5088</setSpec><setSpec>com_10259_2728</setSpec><setSpec>col_10259_3868</setSpec></header><metadata><record xmlns="http://www.loc.gov/MARC21/slim" xmlns:doc="http://www.lyncode.com/xoai" xmlns:xsi="http://www.w3.org/2001/XMLSchema-instance" xmlns:dcterms="http://purl.org/dc/terms/" xsi:schemaLocation="http://www.loc.gov/MARC21/slim http://www.loc.gov/standards/marcxml/schema/MARC21slim.xsd">
<leader>00925njm 22002777a 4500</leader>
<datafield tag="042" ind1=" " ind2=" ">
<subfield code="a">dc</subfield>
</datafield>
<datafield tag="720" ind1=" " ind2=" ">
<subfield code="a">Díez Martínez, María</subfield>
<subfield code="e">author</subfield>
</datafield>
<datafield tag="520" ind1=" " ind2=" ">
<subfield code="a">A pesar de haber ratificado la mayoría de los Instrumentos Internacionales relativos a los Derechos del Niño y contar con numerosa normativa interna en este sentido, la realidad es que los niños de Costa de Marfil sufren continuas y persistentes vulneraciones en sus derechos.&#xd;
Son varios los factores que influyen: La cultura y las distintas tradiciones arraigadas en la población, el bajo nivel de educación, la dificultad en el acceso a los servicios básicos, la inestabilidad y las crisis políticas de las últimas décadas que han dejado gran huella en la población, las diferencias internas de las distintas regiones, la geografía y economía, el pasado colonial, las políticas extractivas, la falta de apropiación de la normativa…&#xd;
Muchos niños ni siquiera son conscientes de sus derechos y, por tanto, tampoco de que están siendo víctimas de tales vulneraciones. Este desconocimiento, junto a la cultura de no denuncia y arreglo amistoso de los problemas, así como la dificultad en el acceso a la justicia, lleva a la impunidad de estas vulneraciones y, en consecuencia, a su perpetuidad.&#xd;
Las familias y comunidades no son capaces de asumir sus responsabilidades. El Estado y sus Administraciones Públicas tampoco terminan de hacerse cargo de sus obligaciones. Por todo ello, los niños no pueden disfrutar de sus derechos.</subfield>
</datafield>
<datafield tag="024" ind2=" " ind1="8">
<subfield code="a">http://hdl.handle.net/10259/3898</subfield>
</datafield>
<datafield ind1=" " ind2=" " tag="653">
<subfield code="a">Derechos</subfield>
</datafield>
<datafield ind1=" " ind2=" " tag="653">
<subfield code="a">Niño</subfield>
</datafield>
<datafield ind1=" " ind2=" " tag="653">
<subfield code="a">Protección</subfield>
</datafield>
<datafield ind1=" " ind2=" " tag="653">
<subfield code="a">Vulneración</subfield>
</datafield>
<datafield ind1=" " ind2=" " tag="653">
<subfield code="a">Costa de Marfil</subfield>
</datafield>
<datafield tag="245" ind1="0" ind2="0">
<subfield code="a">Los derechos del niño en Costa de Marfil</subfield>
</datafield>
</record></metadata></record></GetRecord></OAI-PMH>